000 00326 a2200157 4500
001 188694
020 _a958-04-6292-5
040 _cMagnum
100 _aGrimm, Wilhelm
240 1 0 _aEl rey sapo
_lESP
245 1 0 _aEl rey sapo
300 _a12
362 0 _a2002
697 _aLITERATURA INFANTIL ESPANHOLA
942 _cBK
999 _c188694
_d188694